Catholic University of Zimbabwe Library
Online Public Access Catalogue
(OPAC)

Gospel sprituality and catholic worship (Record no. 15252)

MARC details
000 -LEADER
fixed length control field 02499cam a2200373 a 4500
001 - CONTROL NUMBER
control field 15380592
005 - DATE AND TIME OF LATEST TRANSACTION
control field 20200605104206.0
008 - FIXED-LENGTH DATA ELEMENTS--GENERAL INFORMATION
fixed length control field 080724s2007 nyua 001 0 eng d
010 ## - LIBRARY OF CONGRESS CONTROL NUMBER
LC control number 2006907913
020 ## - INTERNATIONAL STANDARD BOOK NUMBER
International Standard Book Number 9780789315243
020 ## - INTERNATIONAL STANDARD BOOK NUMBER
International Standard Book Number 0789315246
035 ## - SYSTEM CONTROL NUMBER
System control number (OCoLC)ocm85869778
040 ## - CATALOGING SOURCE
Original cataloging agency OCO
Transcribing agency OCO
Modifying agency BAKER
-- YDXCP
-- CPL
-- VP@
-- BTCTA
-- CRU
-- DLC
042 ## - AUTHENTICATION CODE
Authentication code lccopycat
050 00 - LIBRARY OF CONGRESS CALL NUMBER
Classification number BX2215.C5 2001
082 00 - DEWEY DECIMAL CLASSIFICATION NUMBER
Classification number 750.1/1
Edition number 22
245 00 - TITLE STATEMENT
Title Gospel sprituality and catholic worship
Statement of responsibility, etc. general editor, Stephen Farthing ; preface by Geoff Dyer.
246 3# - VARYING FORM OF TITLE
Title proper/short title One thousand one paintings you must see before you die
246 3# - VARYING FORM OF TITLE
Title proper/short title One thousand and one paintings you must see before you die
260 ## - PUBLICATION, DISTRIBUTION, ETC.
Place of publication, distribution, etc. New York, NY :
Name of publisher, distributor, etc. Universe,
Date of publication, distribution, etc. 2000
300 ## - PHYSICAL DESCRIPTION
Extent 138 p. :
Other physical details col. ill. ;
Dimensions 22 cm.
500 ## - GENERAL NOTE
General note "A Quintet book"--T.p. verso.
500 ## - GENERAL NOTE
General note Includes artist index.
505 0# - FORMATTED CONTENTS NOTE
Formatted contents note Preface -- Introduction -- Title index -- Pre-1400 (Egyptian Greek, and Roman art; Byzantine; Romanesque; Medieval and Gothic art; Frescoes and encastic painting) -- 1400s (Early Renaissance Italian and Flemish art; Linear perspective in art; Humanism; Exploration of the New World; Naturalism) -- 1500s (High Renaissance art; Islamic ateliers and Mughal miniatures; Calligraphy; Mannerism; First widespread use of canvas) -- 1600s (Baroque; Classicism; Genre painting; Still lifes; Dutch Masters) -- 1700s (Rococo; Neoclassicism; Academic art; Enlightenment) -- 1800s (Romanticism versus Realism; Pre-Raphaelite Brotherhood; Impressionism and Post-Impressionism; Symbolism; Fin de SiƩcle) -- 1900s (Art nouveau; Fauvism and Cubism; Abstract Expressionism; Modernism) -- 2000s (Eco Art; Neo-Modernism; Avant-Pop; Humanitarian art; Symbiotic art) -- Glossary -- Artist index -- Contributors -- Photo credits -- Acknowledgments.
650 #0 - SUBJECT ADDED ENTRY--TOPICAL TERM
Topical term or geographic name entry element RELIGION
General subdivision Appreciation.
650 #0 - SUBJECT ADDED ENTRY--TOPICAL TERM
Topical term or geographic name entry element Sprituality
General subdivision History.
700 1# - ADDED ENTRY--PERSONAL NAME
Personal name Paul L.Cioffi
Dates associated with a name 1950-
856 42 - ELECTRONIC LOCATION AND ACCESS
Materials specified Contributor biographical information
Uniform Resource Identifier <a href="http://www.loc.gov/catdir/enhancements/fy0838/2006907913-b.html">http://www.loc.gov/catdir/enhancements/fy0838/2006907913-b.html</a>
856 42 - ELECTRONIC LOCATION AND ACCESS
Materials specified Publisher description
Uniform Resource Identifier <a href="http://www.loc.gov/catdir/enhancements/fy0838/2006907913-d.html">http://www.loc.gov/catdir/enhancements/fy0838/2006907913-d.html</a>
906 ## - LOCAL DATA ELEMENT F, LDF (RLIN)
a 7
b cbc
c copycat
d 2
e epcn
f 20
g y-gencatlg
942 ## - ADDED ENTRY ELEMENTS (KOHA)
Source of classification or shelving scheme
Koha item type OS Book
Classification part BX2215.2.C5
Holdings
Withdrawn status Lost status Source of classification or shelving scheme Damaged status Not for loan Home library Current library Shelving location Date acquired Source of acquisition Cost, normal purchase price Total Checkouts Full call number Barcode Date last seen Cost, replacement price Price effective from Koha item type
          CUZ Harare Campus CUZ Harare Campus Open Shelf 05.06.2020 Donation 10.00   BX2215.2.C5 BK008550 22.05.2025 10.00 05.06.2020 OS Book

OPENING HOURS

Weekdays: 0815hrs - 1800hrs
Weekends:0900hrs - 1200hrs

Closed for Mass:

Mon, Thur: 1200hrs - 1300hrs
Sunday & Public Holiday’s

CALL SUPPORT

0242-570570, 0242-570169
09200664, +263 8644140602

LOCATION

18443, Cranborne Avenue, Hatfield, Harare

Other Links


©2021 | CUZ Library